| 000 | 00482nam a2200181Ia 4500 | ||
|---|---|---|---|
| 008 | 240925s9999 xx 000 0 und d | ||
| 020 | _a201409968 | ||
| 082 | _a004.22 SHA | ||
| 100 | _aShanley, Tom | ||
| 245 | 0 | _aISA System Architecture | |
| 250 | _a3rd | ||
| 260 |
_aBoston: _bAddison - Wesley _c,1995. |
||
| 300 |
_axi,492p. _bNA _fOriginal |
||
| 500 | _aIncludes Index | ||
| 600 | _aComputer Science | ||
| 650 | _aComputer science, information & general works | ||
| 942 | _cBK | ||
| 999 |
_c4424 _d4424 |
||